| 000 | 00970nam a2200289 i 4500 | ||
|---|---|---|---|
| 001 | bg | ||
| 100 | 1 | _aBRÉMOND, Janine | |
| 245 | 1 | 0 |
_aKompendium wiedzy o ekonomii / _cJanine Brémond, Jean-François Couet, Marie-Martine Salort ; przekł. Krzysztof Malaga. |
| 246 |
_iTyt. oryg.: _aDictionnaire de l'essentiel en écomomie |
||
| 260 |
_aWarszawa : _bWydaw. Naukowe PWN, _c2005. |
||
| 300 |
_a383 s. ; _c21 cm. |
||
| 500 | _aTyt. oryg.: "Dictionnaire de l'essentiel en écomomie". | ||
| 504 | _aIndeks. | ||
| 650 | 9 | _aNauki ekonomiczne | |
| 655 | _aPodręczniki | ||
| 700 | 1 | _aCOUET, Jean-François | |
| 700 | 1 | _aSALORT, Marie-Martine | |
| 700 | 1 |
_aMALAGA, Krzysztof. _eTł. |
|
| 020 | _a830114520X | ||
| 040 | _cBPK | ||
| 041 | 1 |
_apol _hfra |
|
| 080 | _a330(07) | ||
| 920 | _a83-01-14520-X | ||
| 942 | _cKS | ||
| 008 | s pl f |000 0 pol | ||
| 999 |
_c46751 _d46751 |
||